College Football Matchups: Oklahoma State - Statistics

General Stats
  • This quiz has been taken 151 times
    31 since last reset
  • The average score is 14 of 16
Answer Stats
Games Opponent Subdivision % Correct
118 Oklahoma Power 4
100%
38 Texas Power 4
100%
29 Texas A&M Power 4
100%
44 Baylor Power 4
95%
75 Kansas Power 4
95%
72 Kansas State Power 4
95%
34 TCU Power 4
95%
52 Texas Tech Power 4
95%
47 Arkansas Power 4
90%
53 Missouri Power 4
90%
48 Colorado Power 4
86%
59 Iowa State Power 4
86%
77 Tulsa Group of 5
86%
43 Nebraska Power 4
76%
16 West Virginia Power 4
71%
22 Houston Power 4
67%
No matching quizzes found
Score Distribution
Percent of People with Each Score
Percentile by Number Answered
Your Score History
You have not taken this quiz since the last reset